1618 1449 1908 1200 1170 1613 1708 1196 1514 1569 1663 1485 1347 1781 1913 1783 1586 1276 1696 1232 1817 1829 1462 1803 1410 1322 1335 1591 1529 1753 1512 1971 1767 1593 1723 1328 1671 1064 1182 1108 1239 1666 1238 1257 1628 1207 1545 1239 1424 1775 1658 1687 1260 1460 1620 1035 2000 1434 1958 1003 1702 1727 1389 1558 1799 1960 1435 1785 1398 1137 1813 1877 1874 1049 1002 1417 1263 1950 1110 1465 1841 1365 1072 1972 1394 1489 1281 1019 1677 1987 1121 1382 1548 1037 1841 1568 1928 1958 1082 BCNSPRNW ULIB Ver.6.0+V

เปลี่ยนเป็นภาษาไทย

Change to English
 แสดงรายละเอียดบรรณานุกรม
  กลับหน้าหลัก

Brief Record : Get Marc (ISO 2709) : E-mail record : QR code < ปิดหน้าต่าง
LEADER : 00000nam 2200000uu 4500
001    13399120404
003     ULIB
008    120919s2549||||th 000 0 tha d
020    ^a9789745420632
060 04 ^aWA395^bจ571พ 2549
100 0  ^aจีระศักดิ์ เจริญพันธ์
245 10 ^aพฤติกรรมสุขภาพ :^bHealth behavior /^cจีระศักดิ์ เจริญพันธ์, เฉลิมพล ตันสกุล
246 31 ^aHealth behavior
250    ^aพิมพ์ครั้งที่ 4
260    ^aมหาสารคาม :^bคณะสารธารณสุขศาสตร์ มหาวิทยาลัยมหาสารคาม,^c2549
650  7 ^aพฤติกรรมสุขภาพ
650  7 ^aสุขภาพ
700 0  ^aเฉลิมพล ตันสกุล
710 2  ^aมหาวิทยาลัยมหาสารคาม. ^bคณะสาธารณสุขศาสตร์
945    ^p180^l0^i24694
995    ^aกัณชพร
999 ^a ใช้งานได้ทุกระบบ
รายการนี้ยังไม่มีแท็ก
คุณยังไม่ได้ล็อกอิน คุณสามารถมีกิจกรรมร่วมกับเว็บไซต์ได้ แต่ต้องล็อกอินก่อน ::
  ล็อกอิน

รายการสื่อสารสนเทศ

ลำดับที่ ประเภท เลขเรียก/บาร์โค้ด สถานที่ สถานะ
1. วิทยาศาสตร์การแพทย์ และสุขภาพ
วิทยาศาสตร์การแพทย์ และสุขภาพ
WA395 จ571พ 2549  
  Barcode: 24694
ห้องสมุดวิทยาเขตสวรรค์ประชารักษ์
►หนังสือทั่วไป
บนชั้น

รายการใกล้เคียง
    ผู้แต่ง [จีระศักดิ์ เจริญพันธ์]

    หัวเรื่อง [พฤติกรรมสุขภาพ]
    หัวเรื่อง [สุขภาพ]

BibComment


ยังไม่เคยถูกคอมเมนท์

คอมเมนท์ทรัพยากรรายการนี้
  คอมเมนท์: พฤติกรรมสุขภาพ ..


 Copyright 2026. Bcnsprnw @Library